Legislation for business tenancy renewals (Record no. 70926)

MARC details
000 -LEADER
fixed length control field 01073cam a2200229 4500
001 - CONTROL NUMBER
control field WB3829-17
008 - FIXED-LENGTH DATA ELEMENTS--GENERAL INFORMATION
fixed length control field 020808n2002 000 0 eng u
035 ## - SYSTEM CONTROL NUMBER
System control number (Sirsi) u119255
245 ## - TITLE STATEMENT
Title Legislation for business tenancy renewals
260 ## - PUBLICATION, DISTRIBUTION, ETC.
Date of publication, distribution, etc. 2002
490 ## - SERIES STATEMENT
Series statement RICS Westminster News
Volume/sequential designation 29 July 2002 (1)
520 ## - SUMMARY, ETC.
Summary, etc. Minister for Regeneration, Tony McNulty MP, has introduced a Draft Regulatory Reform Order aimed at revising the current system of business tenancy renewal. The framework of the Landlord and Tenant Act 1954 remains the same, but the legislation will reform the workings of the Act to make it easier to contract out of security of tenure and allow the tenant to apply for interim rent. For more information contact David Melhuish e [email protected] or t +44(0) 207695 1535
590 ## - LOCAL NOTE (RLIN)
Local note WB
650 ## - SUBJECT ADDED ENTRY--TOPICAL TERM
Topical term or geographic name entry element TENANCY RENEWAL
650 ## - SUBJECT ADDED ENTRY--TOPICAL TERM
Topical term or geographic name entry element BUSINESS TENANCIES
650 ## - SUBJECT ADDED ENTRY--TOPICAL TERM
Topical term or geographic name entry element LANDLORD AND TENANT ACT 1954
650 ## - SUBJECT ADDED ENTRY--TOPICAL TERM
Topical term or geographic name entry element SECURITY OF TENURE
650 ## - SUBJECT ADDED ENTRY--TOPICAL TERM
Topical term or geographic name entry element INTERIM RENTS
650 ## - SUBJECT ADDED ENTRY--TOPICAL TERM
Topical term or geographic name entry element REFORM
690 ## - LOCAL SUBJECT ADDED ENTRY--TOPICAL TERM (OCLC, RLIN)
Topical term or geographic name as entry element PROPERTY-LANDLORD AND TENANT
942 ## - ADDED ENTRY ELEMENTS (KOHA)
Suppress in OPAC 0
Holdings
Withdrawn status Lost status Source of classification or shelving scheme Damaged status Not for loan Home library Current library Shelving location Date acquired Total Checkouts Full call number Barcode Date last seen Copy number Price effective from Koha item type
    Dewey Decimal Classification     London London News article 08/08/2002   WB3829-17 119255-1001 06/08/2019 1 06/08/2019 News article